000 00520nam a2200169Ia 4500
003 GCL
005 20240530103500.0
008 140319s9999 xx 000 0 ara d
040 _aGCL /
_cGCL
082 0 4 _a812.008
_bع م
100 1 _aعلى سالم
245 1 0 _a3 مسرحيات : بير القمح - اغنية على الممر- البوفيه /
_cعلى سالم
300 _a151 ص
650 0 4 _aالمسرحيات العربية
650 0 4 _aالمسرحيات العربية - مصر
942 _2ddc
_cBK
999 _c39823
_d39823